| Tag |
First Indicator |
Second Indicator |
Subfields |
| LEADER |
00000cam a22000001a 4500 |
| 001 |
in00003286913 |
| 006 |
m d f |
| 007 |
cr bn mmmapmmp |
| 008 |
110909s2005 dcua ob f000 0 eng d |
| 005 |
20260511205307.2 |
| 035 |
|
|
|a chdc200601320
|
| 040 |
|
|
|a ProQuest
|c ProQuest
|d UtOrBLW
|
| 043 |
|
|
|a n-us---
|
| 074 |
|
|
|a 1037-B
|
| 074 |
|
|
|a 1037-B (online)
|
| 074 |
|
|
|a 1037-C (MF)
|
| 074 |
|
|
|a 1037-C (online)
|
| 099 |
|
|
|a HRG-2005-HSG-0068
|
| 110 |
1 |
|
|a United States.
|b Congress.
|b Senate.
|b Committee on Homeland Security and Governmental Affairs.
|b Permanent Subcommittee on Investigations.
|
| 245 |
1 |
0 |
|a Civilian contractors who cheat on their taxes and what should be done about it :
|b hearing before the Permanent Subcommittee on Investigations of the Committee on Homeland Security and Governmental Affairs, United States Senate, One Hundred Ninth Congress, first session, June 16, 2005.
|
| 264 |
|
1 |
|a Washington :
|b U.S. G.P.O. :
|c 2005.
|
| 264 |
|
2 |
|a Washington :
|b For sale by the Supt. of Docs., U.S. G.P.O.,
|
| 300 |
|
|
|a 1 online resource.
|
| 336 |
|
|
|a text
|b txt
|2 rdacontent
|
| 337 |
|
|
|a computer
|b c
|2 rdamedia
|
| 338 |
|
|
|a online resource
|b cr
|2 rdacarrier
|
| 490 |
1 |
|
|a S. hrg. ;
|v 109-189
|
| 500 |
|
|
|a Distributed to some depository libraries in microfiche.
|
| 500 |
|
|
|a Shipping list number: 2006-0119-P.
|
| 504 |
|
|
|a Includes bibliographical references.
|
| 530 |
|
|
|a Also available via Internet from the GPO Access web site. Address as of 1/31/06: http://frwebgate.access.gpo.gov/cgi-bin/getdoc.cgi?dbname=109%5Fsenate%5Fhearings&docid=f:22195.pdf; current access is available via PURL.
|
| 500 |
|
|
|a Reuse of record except for individual research requires license from ProQuest, LLC.
|
| 500 |
|
|
|a Electronic resource.
|
| 538 |
|
|
|a System requirements: PDF reader software.
|
| 650 |
|
0 |
|a Government contractors
|x Taxation
|z United States.
|
| 650 |
|
0 |
|a Public contracts
|x Corrupt practices
|z United States.
|
| 650 |
|
0 |
|a Tax evasion
|z United States.
|
| 650 |
|
0 |
|a Tax penalties
|z United States.
|
| 650 |
|
0 |
|a Tax administration and procedure
|z United States.
|
| 655 |
|
7 |
|a Electronic books.
|2 local
|
| 710 |
2 |
|
|a ProQuest (Firm)
|
| 776 |
0 |
8 |
|i Print version:
|a United States.Congress.Senate.Committee on Homeland Security and Governmental Affairs.Permanent Subcommittee on Investigations.
|t Civilian contractors who cheat on their taxes and what should be done about it
|w (DLC)2006360947
|w (OCoLC)ocm63200190
|z 0160755190
|
| 776 |
0 |
8 |
|i Microfiche version:
|a United States.Congress.Senate.Committee on Homeland Security and Governmental Affairs.Permanent Subcommittee on Investigations.
|t Civilian contractors who cheat on their taxes and what should be done about it
|d [Bethesda, Md.] : ProQuest LLC, [2004]
|o CIS 2006 S481-13
|w (ProQuest)cis00602925
|
| 810 |
1 |
|
|a United States.
|b Congress.
|b Senate.
|t S. hrg. ;
|v 109-189.
|
| 830 |
|
0 |
|a U.S. Congressional Hearings.
|
| 856 |
4 |
0 |
|u http://proxy.library.tamu.edu/login?url=https://congressional.proquest.com/congcomp/getdoc?HEARING-ID=HRG-2005-HSG-0068
|z Connect to the full text of this electronic book
|t 0
|
| 998 |
|
|
|a cis00602925
|
| 999 |
|
|
|a MARS
|
| 999 |
f |
f |
|s 02ff2ba6-5d8a-3de7-9869-5daeb5e096dd
|i 9794a85b-2e7c-3a59-b24b-c8ded343889c
|t 0
|
| 952 |
f |
f |
|a Texas A&M University
|b College Station
|c Electronic Resources
|s www_evans
|d Available Online
|t 0
|e HRG-2005-HSG-0068
|h Other scheme
|
| 998 |
f |
f |
|a HRG-2005-HSG-0068
|t 0
|l Available Online
|